| 000 | 00356nam a22001457a 4500 | ||
|---|---|---|---|
| 003 | OSt | ||
| 005 | 20160727222352.0 | ||
| 008 | 160622b xxu||||| |||| 00| 0 eng d | ||
| 040 | _cTest | ||
| 100 |
_9414 _aBajaj, N. K |
||
| 245 | _aPhysics For Class X Course A | ||
| 260 |
_aTata McGrawhill _c1981 |
||
| 300 | _aPhysics For Class X Course A | ||
| 942 |
_2ddc _cBK |
||
| 999 |
_c340 _d340 |
||